000 00690nam a22002297a 4500
003 UA-OsUOA
001 96414
007 ta
008 20130319b un ||||| |||| 00| 0 ukr d
100 _aМамедкулизаде Д.
090 _a821.512.166
_bМ22
942 _cBK
040 _aUA-OsUOA
_brus
_cUA-OsUOA
_dUA-OsUOA
245 _aИзбранные произведения в двух томах
_bТ.2
_cФельетоны. Статьи. Воспоминания
300 _a458 с.
955 _a3
041 _arus
080 _a821.512.166
260 _aБаку
_c1966
650 7 _a82 Література. Літературознавство
_2UDC
999 _c382590
_d382590